000 00713nam a2200289Ia 4500
005 20260324131030.0
008 008 260324s9999 xx 000 0 eng d
020 _a9780203481585
037 _aEBOOK
040 _aCRL
040 _beng
040 _cCRL
041 _2eng
041 _aeng
084 _qCRL
100 _aChristian W Spang; Rolf-Harald Wippich
_91183962
245 0 _aJapanese-German Relations, 1895-1945
245 0 _bWar, Diplomacy and Public Opinion
260 _bTaylor and Francis
260 _c2006
365 _a
365 _b240
856 _uhttp://www.taylorfrancis.com/books/9780203481585
942 _cEBOOK
999 _c1780762
_d1780762